[Event "I Open"]
[Site "Senigallia ITA"]
[Date "1996.05.24"]
[Round "7"]
[White "Bussoli, Sauro"]
[Black "Sebastianelli, Dario"]
[Result "0-1"]
[WhiteElo "1672"]
[BlackElo "1768"]
[PlyCount "128"]
[EventDate "1996.05.19"]

1.d4 Nf6 2.Bg5 Ne4 3.Bf4 d5 4.f3 Nf6 5.e3 h6 6.Bd3 Nc6 7.c3 e6 8.Ne2 Nh5 
9.O-O Nxf4 10.Nxf4 Bd6 11.Ne2 Qg5 12.f4 Qe7 13.Nd2 f5 14.Nf3 Nd8 15.Ne5 
Bxe5 16.fxe5 g5 17.Ng3 b6 18.Nh5 O-O 19.Nf6+ Rxf6 20.exf6 Qxf6 21.g4 Nf7 
22.gxf5 e5 23.Rf2 e4 24.Be2 Nd6 25.Bg4 Bd7 26.b3 Kg7 27.Qf1 b5 28.Qh3 h5 
29.Bxh5 Rh8 30.Qg4 Bxf5 31.Qe2 Qe6 32.Rg2 Kh6 33.Bg4 Bxg4 34.Qxg4 Qxg4 35.
Rxg4 Nf5 36.Kf2 Kg6 37.Rag1 Rxh2+ 38.R1g2 Rh5 39.Ke2 Nh4 40.Rf2 Nf3 41.
Rxf3 exf3+ 42.Kxf3 Kf5 43.Rg2 Rh1 44.c4 bxc4 45.bxc4 Rh3+ 46.Ke2 dxc4 47.
Kd2 g4 48.Kc3 Rxe3+ 49.Kxc4 g3 50.Kc5 Kf4 51.d5 Kf3 52.Rg1 g2 53.Rc1 Kf2 
54.Kc6 Re7 55.Rc2+ Kg3 56.Rc3+ Kh2 57.Rc2 Kh1 58.Rc1+ g1=Q 59.Rxg1+ Kxg1 
60.a4 Kf2 61.a5 Ke3 62.a6 Kd4 63.d6 cxd6 64.Kxd6 Rh7 0-1

[Event "I Open"]
[Site "Senigallia ITA"]
[Date "1996.05.24"]
[Round "7"]
[White "Cetkovic, Sergio"]
[Black "Letter, Giovanni"]
[Result "1-0"]
[WhiteElo "1815"]
[BlackElo "1600"]
[PlyCount "135"]
[EventDate "1996.05.19"]

1.e4 b6 2.d4 Bb7 3.Nc3 e6 4.a3 g6 5.Nf3 Bg7 6.Bg5 f6 7.Be3 Nh6 8.Qd2 Ng4 
9.Bf4 g5 10.Bg3 h5 11.h4 gxh4 12.Nxh4 Bh6 13.Bf4 Bg5 14.Nf3 Bxf4 15.Qxf4 
Nc6 16.Qxg4 hxg4 17.Rxh8+ Ke7 18.Rxd8 Rxd8 19.d5 gxf3 20.dxc6 fxg2 21.Bxg2
Bxc6 22.f4 Rg8 23.Kf2 a5 24.Bf3 Bb7 25.Re1 Ba6 26.Rg1 Rf8 27.Rg7+ Kd8 28.
Be2 Bb7 29.Bf3 Ba6 30.f5 Bc8 31.fxe6 dxe6 32.Nb5 Bd7 33.Nc3 b5 34.Ne2 b4 
35.axb4 axb4 36.Nf4 Rh8 37.Kg3 c6 38.Ng6 Rh6 39.Nf8 Bc8 40.Ng6 c5 41.b3 e5
42.Nh4 Bd7 43.Rg6 Rxg6+ 44.Nxg6 Bb5 45.Kf2 c4 46.Be2 cxb3 47.cxb3 Bd7 48.
Nh4 Kc7 49.Bc4 Kb6 50.Ke3 Kc5 51.Nf5 Bc8 52.Ne7 Bd7 53.Bf7 Bg4 54.Nf5 Bd1 
55.Be6 Bh5 56.Kd3 Be8 57.Ne3 Bb5+ 58.Bc4 Bd7 59.Bd5 Bb5+ 60.Bc4 Bd7 61.Ke2
Bc8 62.Kf3 Bd7 63.Bd5 Bc8 64.Ng4 f5 65.Nxe5 fxe4+ 66.Kxe4 Bf5+ 67.Kxf5 
Kxd5 68.Nf3 1-0

[Event "I Open"]
[Site "Senigallia ITA"]
[Date "1996.05.24"]
[Round "7"]
[White "Diena, Giovanni"]
[Black "Palmizi, Alessandro"]
[Result "0-1"]
[WhiteElo "1771"]
[BlackElo "1600"]
[PlyCount "128"]
[EventDate "1996.05.19"]

1.e4 g6 2.d4 Bg7 3.Nf3 d6 4.Be2 e6 5.O-O Nd7 6.Nc3 Ne7 7.Be3 a6 8.Qd2 h6 
9.Rad1 b6 10.d5 e5 11.h3 f5 12.exf5 Nxf5 13.Ne4 Nxe3 14.fxe3 Nf6 15.Bd3 
Nxe4 16.Bxe4 Bf5 17.Qd3 Rf8 18.Nh2 Qg5 19.Rf3 Bxe4 20.Qxe4 Rxf3 21.Nxf3 
Qf5 22.Qc4 Qd7 23.e4 Bf6 24.Rf1 Be7 25.Nh2 h5 26.g4 b5 27.Qc3 O-O-O 28.Qa5
Kb7 29.Rf3 c5 30.Ra3 Ra8 31.Qe1 Bg5 32.Qf1 Bf4 33.Qg2 Qe7 34.Kh1 Qg5 35.
gxh5 Qxg2+ 36.Kxg2 gxh5 37.Kh1 Rg8 38.Nf1 Kb6 39.Ne3 Bxe3 40.Rxe3 c4 41.
Rf3 b4 42.Kh2 Kc5 43.c3 bxc3 44.bxc3 Rb8 45.Rf2 h4 46.Kg2 Rg8+ 47.Kh2 Rg3 
48.Rc2 Re3 49.Kg2 Rxe4 50.Kf3 Rf4+ 51.Ke3 Kxd5 52.Rd2+ Ke6 53.Rb2 Rf1 54.
Rb4 Kd5 55.Ra4 Rd1 56.Ra5+ Ke6 57.Rxa6 Rd3+ 58.Ke2 Rxc3 59.Ra4 Kd5 60.Ra5+
Kd4 61.Ra6 d5 62.a4 Rxh3 63.Rh6 Ra3 64.Rxh4+ e4 0-1

[Event "I Open"]
[Site "Senigallia ITA"]
[Date "1996.05.24"]
[Round "7"]
[White "Djuric, Stefan"]
[Black "Magalotti, Andrea"]
[Result "1-0"]
[WhiteElo "2515"]
[BlackElo "2085"]
[PlyCount "51"]
[EventDate "1996.05.19"]

1.e4 c5 2.Nf3 Nc6 3.Bb5 g6 4.O-O Bg7 5.c3 Nf6 6.Re1 O-O 7.h3 a6 8.Bxc6 
bxc6 9.d4 cxd4 10.cxd4 d5 11.e5 Ne4 12.Nbd2 Nxd2 13.Bxd2 Qb6 14.Re3 a5 15.
Rb3 Qa6 16.Qc1 a4 17.Rc3 Bd7 18.Bh6 Rfb8 19.Bxg7 Kxg7 20.Qg5 Re8 21.Re1 
Rab8 22.e6 Bxe6 23.Rxe6 fxe6 24.Qe5+ Kh6 25.Ng5 Rg8 26.Nf7# 1-0

[Event "I Open"]
[Site "Senigallia ITA"]
[Date "1996.05.24"]
[Round "7"]
[White "Drei, Andrea"]
[Black "Stantic, Severino"]
[Result "1/2-1/2"]
[WhiteElo "2325"]
[BlackElo "2030"]
[PlyCount "171"]
[EventDate "1996.05.19"]

1.e4 c5 2.Nf3 d6 3.d4 cxd4 4.Nxd4 Nf6 5.Nc3 g6 6.Be3 Bg7 7.Be2 Nc6 8.O-O 
O-O 9.Qd2 Bd7 10.f4 Nxd4 11.Bxd4 Bc6 12.Bf3 Nd7 13.Bxg7 Kxg7 14.Qd4+ Kg8 
15.Rad1 Qb6 16.Ne2 Nc5 17.Kh1 Rad8 18.c4 Qc7 19.b4 Ne6 20.Qe3 b6 21.f5 Ng7
22.g4 Ne8 23.Nd4 Ba8 24.Rc1 Nf6 25.Nb5 Qb8 26.g5 Nd7 27.Bg2 Ne5 28.f6 Rfe8
29.Qh3 exf6 30.gxf6 h5 31.Qg3 Ng4 32.h3 Nh6 33.Qf4 Kh7 34.Nc3 Ng8 35.Nd5 
Re5 36.b5 Rde8 37.Qh4 R8e6 38.Rf2 Kh6 39.Qf4+ g5 40.Qd2 Bxd5 41.cxd5 Rxf6 
42.h4 Qd8 43.Bh3 Rxf2 44.Qxf2 Kg7 45.Rc8 Qe7 46.Bf5 Nh6 47.Rc1 Nxf5 48.
exf5 Qf6 49.hxg5 Qxf5 50.Qxf5 Rxf5 51.Rc7 Rxd5 52.a4 Rxg5 53.Rxa7 Rg4 54.
Ra6 d5 55.Rxb6 Rxa4 56.Rd6 d4 57.b6 Rb4 58.Kg2 Rb3 59.Rxd4 Rxb6 60.Kg3 Kg6
61.Rd8 Rb3+ 62.Kf4 Rh3 63.Rg8+ Kf6 64.Ra8 Kg7 65.Rb8 f6 66.Ra8 Kg6 67.Rg8+
Kf7 68.Ra8 Rd3 69.Rh8 h4 70.Kf5 Kg7 71.Rxh4 Rd5+ 72.Ke4 Ra5 73.Rh1 Kg6 74.
Rg1+ Rg5 75.Ra1 f5+ 76.Kf3 Rg4 77.Ra8 Rc4 78.Rg8+ Kf6 79.Ra8 Ke7 80.Rb8 
Rc1 81.Kf4 Rf1+ 82.Ke5 Kf7 83.Rb6 Kg7 84.Ra6 f4 85.Ke4 Kf7 86.Rb6 1/2-1/2

[Event "I Open"]
[Site "Senigallia ITA"]
[Date "1996.05.24"]
[Round "7"]
[White "Efimov, Igor"]
[Black "Ortega, Lexy"]
[Result "0-1"]
[WhiteElo "2455"]
[BlackElo "2490"]
[PlyCount "120"]
[EventDate "1996.05.19"]

1.d4 d5 2.c4 e6 3.Nf3 dxc4 4.e3 b5 5.a4 c6 6.b3 Bb4+ 7.Bd2 Bxd2+ 8.Nfxd2 
cxb3 9.axb5 b2 10.Ra2 Ne7 11.Nc3 O-O 12.Rxb2 Bb7 13.Qb1 h6 14.Nce4 Nd7 15.
Be2 Rb8 16.O-O cxb5 17.Bxb5 Nf6 18.Nxf6+ gxf6 19.Bd3 Bc6 20.Rc1 f5 21.e4 
Rb6 22.d5 Ba8 23.Rxb6 axb6 24.dxe6 fxe6 25.Rd1 Ng6 26.exf5 Nf4 27.Be4 Ne2+
28.Kf1 Nc3 29.Qb3 Nxd1 30.Qxe6+ Rf7 31.Qg6+ Rg7 32.Qe6+ Kf8 33.Qxh6 Qd4 
34.Ke1 Bxe4 35.f6 Qxf2+ 36.Kxd1 Qg1+ 37.Ke2 Qxg2+ 38.Ke3 Qg5+ 39.Qxg5 Rxg5
40.Nxe4 Rh5 41.Nc3 Kf7 42.Kd4 Rxh2 43.Nd5 Rb2 44.Kc3 Rb5 45.Kc4 Rb1 46.Kc3
Rb5 47.Kd4 Rb1 48.Kc3 Kg6 49.Kc4 Rb2 50.Kc3 Rb5 51.Kc4 Rb1 52.Kc3 Kf7 53.
Kc4 Ke6 54.Nc3 Rc1 55.Kb4 Kd6 56.Nb5+ Kd5 57.f7 Rc4+ 58.Kb3 Rf4 59.Nc7+ 
Kd6 60.Nb5+ Kc5 0-1

[Event "I Open"]
[Site "Senigallia ITA"]
[Date "1996.05.24"]
[Round "7"]
[White "Fico, Massimiliano"]
[Black "Barbieri, Giovanni"]
[Result "0-1"]
[WhiteElo "2315"]
[BlackElo "2155"]
[PlyCount "58"]
[EventDate "1996.05.19"]

1.e4 e5 2.f4 exf4 3.Nf3 h6 4.d4 g5 5.Nc3 d6 6.g3 fxg3 7.hxg3 Bg7 8.Be3 Nf6
9.Qd2 c6 10.O-O-O Bg4 11.Bg2 Bxf3 12.Bxf3 Nbd7 13.Qf2 Qa5 14.Kb1 O-O-O 15.
Bd2 Qc7 16.Bg2 Rhe8 17.Rhe1 Kb8 18.a3 Nb6 19.Bc1 a6 20.Qf5 Nbd7 21.Be3 Re7
22.Bg1 Rde8 23.Bf2 Nb6 24.Ka2 Nfd7 25.Bf1 Ka8 26.b4 c5 27.bxc5 dxc5 28.Nd5
Nxd5 29.Qxd5 Nf6 0-1

[Event "I Open"]
[Site "Senigallia ITA"]
[Date "1996.05.24"]
[Round "7"]
[White "Giacometti, Franco"]
[Black "Drasko, Milan"]
[Result "0-1"]
[WhiteElo "1953"]
[BlackElo "2505"]
[PlyCount "82"]
[EventDate "1996.05.19"]

1.d4 Nf6 2.c4 e6 3.Nf3 Bb4+ 4.Nbd2 b6 5.e3 c5 6.Bd3 Bb7 7.O-O cxd4 8.Nxd4 
O-O 9.a3 Be7 10.b3 d6 11.Bb2 Nbd7 12.Rc1 a6 13.Qe2 Qc7 14.Bb1 Rfe8 15.e4 
Bf8 16.f4 Rad8 17.b4 g6 18.e5 Nh5 19.c5 bxc5 20.bxc5 Nxc5 21.N4b3 dxe5 22.
fxe5 Qd7 23.Qf2 Nxb3 24.Nxb3 Bd5 25.Nc5 Bxc5 26.Rxc5 Rb8 27.Bc3 Rec8 28.
Bb4 Rxc5 29.Bxc5 Rb7 30.Bd3 Qa4 31.Rc1 Qf4 32.Qxf4 Nxf4 33.Bxa6 Rb2 34.Bd6
Rxg2+ 35.Kf1 g5 36.Be7 Kg7 37.Rc3 h6 38.h4 g4 39.Bf6+ Kg6 40.Bc4 Bf3 41.
h5+ Kxh5 0-1

[Event "I Open"]
[Site "Senigallia ITA"]
[Date "1996.05.24"]
[Round "7"]
[White "Lagrotteria, Salvatore"]
[Black "Briffault, Philippe"]
[Result "1-0"]
[WhiteElo "2150"]
[BlackElo "1678"]
[PlyCount "77"]
[EventDate "1996.05.19"]

1.Nf3 Nf6 2.g3 g6 3.Bg2 Bg7 4.d3 O-O 5.O-O d6 6.e4 Bg4 7.h3 Bxf3 8.Qxf3 
Nc6 9.c3 e5 10.b4 b5 11.a4 a6 12.Bg5 h6 13.Be3 Qb8 14.Qd1 a5 15.axb5 Qxb5 
16.Na3 Qb7 17.b5 Ne7 18.Qd2 Kh7 19.Rfb1 Nd7 20.f4 Nc8 21.d4 f6 22.h4 Ncb6 
23.f5 gxf5 24.exf5 d5 25.c4 c6 26.c5 Nc8 27.bxc6 Qxc6 28.dxe5 Nxe5 29.Qxd5
Ne7 30.Qxc6 N7xc6 31.Nb5 Rfd8 32.Nd4 Rac8 33.Nxc6 Nxc6 34.Bxc6 Rxc6 35.
Rxa5 Rd5 36.Ra7 Kg8 37.Rb8+ Bf8 38.Bxh6 Rd1+ 39.Kg2 1-0

[Event "I Open"]
[Site "Senigallia ITA"]
[Date "1996.05.24"]
[Round "7"]
[White "Miele, Rosario"]
[Black "Amaranto, Luca"]
[Result "1-0"]
[WhiteElo "1585"]
[BlackElo "1813"]
[PlyCount "113"]
[EventDate "1996.05.19"]

1.e4 e5 2.Nf3 Nc6 3.Bc4 Nf6 4.d3 Be7 5.Nc3 d6 6.h3 O-O 7.Be3 Na5 8.Bb3 
Nxb3 9.axb3 b6 10.Ne2 c6 11.g4 Qc7 12.Ng3 Rd8 13.Nf5 Bb7 14.Nxe7+ Qxe7 15.
Nh4 d5 16.Nf5 Qe6 17.f3 dxe4 18.fxe4 Nxe4 19.Qe2 Nf6 20.O-O-O c5 21.Rhf1 
Nd5 22.Bg5 Re8 23.Qf2 a5 24.Qh4 a4 25.c4 Nb4 26.Nh6+ gxh6 27.Bf6 Nxd3+ 28.
Rxd3 axb3 29.Qxh6 Qxc4+ 30.Kd2 Qb4+ 31.Ke3 Qe4+ 32.Kd2 Qg2+ 33.Ke3 Qe4+ 
34.Kd2 Qg6 35.Qh4 Ba6 36.Rf5 h6 37.Rg5 Bxd3 38.Rxg6+ fxg6 39.Qxh6 Kf7 40.
Qg7+ Ke6 41.Kxd3 Kd6 42.Qxg6 b5 43.Qe4 Ra4 44.Qb7 Rd4+ 45.Ke3 b4 46.Qb6+ 
Kd5 47.Qb7+ Kd6 48.g5 Rh4 49.Qb6+ Kd5 50.Qb7+ Kd6 51.Qf3 Rf4 52.Bxe5+ 
Rxe5+ 53.Kxf4 c4 54.Qd1+ Rd5 55.Qe1 Rc5 56.g6 c3 57.Qd1+ 1-0

[Event "I Open"]
[Site "Senigallia ITA"]
[Date "1996.05.24"]
[Round "7"]
[White "Nagni, Marco"]
[Black "Pantaleoni, Leone"]
[Result "0-1"]
[WhiteElo "1606"]
[BlackElo "1714"]
[PlyCount "112"]
[EventDate "1996.05.19"]

1.d4 d6 2.c4 Nf6 3.Nc3 g6 4.e4 Bg7 5.Nge2 Nc6 6.Ng3 e5 7.d5 Ne7 8.Be2 c5 
9.Be3 O-O 10.h4 h6 11.Qd2 Kh7 12.f4 Ng4 13.Bxg4 Bxg4 14.fxe5 Bxe5 15.Bf4 
Bg7 16.Nb5 Nc8 17.Be3 Nb6 18.Rc1 a6 19.Nc3 Nxc4 20.Qd3 Nxb2 21.Qc2 Nc4 22.
Bf4 b5 23.h5 Ne5 24.Bxe5 Bxe5 25.Nce2 Qg5 26.Qd2 Qxd2+ 27.Kxd2 Bf6 28.Rcf1
Bg7 29.Rf4 Bd7 30.Rhf1 Kg8 31.Nc1 Be5 32.R4f3 Bg4 33.Re3 f5 34.exf5 gxf5 
35.Nge2 f4 36.Ra3 c4 37.Rh1 a5 38.Rh4 Bxe2 39.Nxe2 b4 40.Rf3 a4 41.Rg4+ 
Kh7 42.Nxf4 b3 43.a3 Bb2 44.Re3 Be5 45.Ng6 Rf2+ 46.Ke1 b2 47.Kxf2 b1=Q 48.
Rf3 Qc2+ 49.Kg1 Qd1+ 50.Kf2 Qd2+ 51.Kf1 Qxd5 52.Nxe5 dxe5 53.Rg6 Rb8 54.
Kg1 Rg8 55.Ra6 Qxf3 56.Ra7+ Kh8 0-1

[Event "I Open"]
[Site "Senigallia ITA"]
[Date "1996.05.24"]
[Round "7"]
[White "Pierbattisti, Giorgio"]
[Black "Luciani, Valerio"]
[Result "0-1"]
[WhiteElo "1654"]
[BlackElo "2155"]
[PlyCount "112"]
[EventDate "1996.05.19"]

1.d4 f5 2.Nf3 Nf6 3.Bg5 e6 4.Nbd2 d5 5.e3 Be7 6.Be2 O-O 7.O-O Nbd7 8.c4 c6
9.a3 a5 10.c5 Ne4 11.Bxe7 Qxe7 12.Qc2 Nxd2 13.Qxd2 e5 14.Nxe5 Nxe5 15.dxe5
Qxe5 16.Qd4 Qe7 17.Bd3 Qg5 18.Qe5 Qh6 19.b4 f4 20.exf4 Qxf4 21.Rae1 Qxe5 
22.Rxe5 axb4 23.axb4 Ra2 24.f3 Rb2 25.Rb1 Rd2 26.Rb3 Bd7 27.Ra3 Re8 28.
Rxe8+ Bxe8 29.Ra8 Kf7 30.Bxh7 Rb2 31.Rb8 Rxb4 32.Bf5 Rb5 33.Kf2 Rxc5 34.
Rxb7+ Kf6 35.Bd3 Bg6 36.Bxg6 Kxg6 37.Re7 Kf6 38.Re2 d4 39.g4 g5 40.Rd2 Ke5
41.Kg3 Rc3 42.Re2+ Re3 43.Rd2 c5 44.h4 gxh4+ 45.Kxh4 Rxf3 46.g5 c4 47.g6 
Rf8 48.g7 Rg8 49.Rg2 d3 50.Kh5 c3 51.Rg5+ Kd4 52.Rg4+ Ke3 53.Rg3+ Kd2 54.
Rg2+ Kc1 55.Rg1+ Kc2 56.Kh6 d2 0-1

[Event "I Open"]
[Site "Senigallia ITA"]
[Date "1996.05.24"]
[Round "7"]
[White "Pizzi, Mario"]
[Black "Trovato, Alessio"]
[Result "0-1"]
[WhiteElo "1800"]
[BlackElo "1633"]
[PlyCount "90"]
[EventDate "1996.05.19"]

1.d4 Nf6 2.f4 d5 3.e3 Bf5 4.Bd3 Be4 5.Nf3 e6 6.O-O Be7 7.c3 c6 8.Qc2 Bxd3 
9.Qxd3 Ne4 10.Nbd2 f5 11.Ne5 O-O 12.Ndf3 Nd7 13.Bd2 Nxe5 14.Nxe5 Bf6 15.
Rf3 Bxe5 16.fxe5 Rf7 17.Raf1 Qe7 18.Be1 Raf8 19.Qe2 Ng5 20.Rf4 Ne4 21.h4 
g5 22.hxg5 Qxg5 23.R1f3 Rg7 24.Rh3 Kh8 25.Bh4 Qg6 26.Rxe4 fxe4 27.Bf6 Rxf6
28.exf6 Qxf6 29.Kh2 Kg8 30.Qh5 Qg6 31.Qe2 Qg4 32.Qf2 Rf7 33.Qe1 Kh8 34.Rh4
Qg5 35.Kh3 Qf5+ 36.Rg4 Qf2 37.Qxf2 Rxf2 38.Kh4 Rxb2 39.Kh5 Rf2 40.Rg5 Rf6 
41.g4 a5 42.a4 b5 43.axb5 cxb5 44.Re5 a4 45.g5 Rg6 0-1

[Event "I Open"]
[Site "Senigallia ITA"]
[Date "1996.05.24"]
[Round "7"]
[White "Rago, Riccardo"]
[Black "Mrdja, Milan"]
[Result "1-0"]
[WhiteElo "2230"]
[BlackElo "2450"]
[PlyCount "65"]
[EventDate "1996.05.19"]

1.e4 c5 2.Nf3 d6 3.d4 cxd4 4.Nxd4 Nf6 5.Nc3 a6 6.a4 e5 7.Nb3 Be7 8.Be2 O-O
9.O-O b6 10.f4 Nbd7 11.Be3 Bb7 12.fxe5 dxe5 13.Bd3 Qc7 14.Kh1 Rac8 15.Qe2 
Bb4 16.Bd2 Qb8 17.Nd5 Nxd5 18.exd5 Bxd2 19.Qxd2 g6 20.c4 a5 21.Qh6 e4 22.
Bxe4 Rxc4 23.Nd2 Rb4 24.Nf3 f5 25.Ng5 Nf6 26.Bxf5 gxf5 27.Rxf5 Qd6 28.Rxf6
Rxf6 29.Qxh7+ Kf8 30.Qh8+ Ke7 31.Re1+ Kd7 32.Qe8+ Kc7 33.Re7+ 1-0

[Event "I Open"]
[Site "Senigallia ITA"]
[Date "1996.05.24"]
[Round "7"]
[White "Rotondi, Paolo"]
[Black "Mircoli, Filippo"]
[Result "1/2-1/2"]
[WhiteElo "1591"]
[BlackElo "1600"]
[PlyCount "93"]
[EventDate "1996.05.19"]

1.c4 e6 2.Nc3 Nf6 3.d4 Bb4 4.Qc2 Bxc3+ 5.Qxc3 O-O 6.Bg5 d6 7.Nf3 Nbd7 8.e3
c5 9.Bd3 b6 10.Qc2 Qc7 11.Nd2 Bb7 12.f3 Rac8 13.Rc1 Rfe8 14.O-O h6 15.Bh4 
d5 16.Bg3 Qd8 17.Qb1 dxc4 18.Bxc4 cxd4 19.exd4 Nd5 20.Rfe1 N7f6 21.Be5 Nb4
22.a3 Nc6 23.Ne4 Nxe4 24.Qxe4 Nxe5 25.Qxe5 Qh4 26.Ba2 Red8 27.Rxc8 Rxc8 
28.Bb1 Bd5 29.Qe3 f5 30.g3 Qf6 31.Kf2 Qf7 32.h4 a5 33.Rc1 Qb7 34.Rxc8+ 
Qxc8 35.Qc3 Qc4 36.Qxc4 Bxc4 37.f4 Kf7 38.Bc2 b5 39.Ke3 h5 40.Bd1 g6 41.
Bf3 Ke7 42.Kd2 Kd6 43.Kc3 a4 44.Kb4 Bd3 45.Bb7 Bc2 46.Ba6 Kc6 47.Bc8 
1/2-1/2

[Event "I Open"]
[Site "Senigallia ITA"]
[Date "1996.05.24"]
[Round "7"]
[White "Vujovic, Milorad"]
[Black "Tortarolo, Massimiliano"]
[Result "1/2-1/2"]
[WhiteElo "2345"]
[BlackElo "2235"]
[PlyCount "105"]
[EventDate "1996.05.19"]

1.c4 c6 2.d4 Nf6 3.Nc3 d6 4.e4 Nbd7 5.Be3 e5 6.d5 Be7 7.Be2 O-O 8.Qd2 Nc5 
9.Bxc5 dxc5 10.dxc6 Qxd2+ 11.Kxd2 bxc6 12.Nf3 Nd7 13.Rad1 g6 14.Kc2 f6 15.
h4 Nb6 16.h5 Be6 17.Nd2 Kg7 18.Rh2 Rad8 19.Rdh1 Rh8 20.Nd1 f5 21.b3 Nd7 
22.Ne3 f4 23.Nd1 g5 24.h6+ Kf6 25.Nb2 Nf8 26.Nd3 g4 27.Nb1 Rg8 28.Rh4 Nd7 
29.Nc3 Rg6 30.Na4 Rdg8 31.Bd1 Kf7 32.Rh5 Rg5 33.R5h2 g3 34.fxg3 Rxg3 35.
Bf3 Bg4 36.Ne1 Bxf3 37.gxf3 Rg1 38.Nb2 Rxh1 39.Rxh1 Rg6 40.Nbd3 Bg5 41.Rh5
Ke6 42.Ng2 Kd6 43.Kd1 Nf8 44.Ke2 Ne6 45.Kf2 a5 46.Nh4 Bxh4+ 47.Rxh4 Rg3 
48.Rh5 Ng5 49.Ne1 Nh3+ 50.Ke2 Ng1+ 51.Kf2 Nh3+ 52.Kf1 Ng1 53.Kf2 1/2-1/2

[Event "I Open"]
[Site "Senigallia ITA"]
[Date "1996.05.24"]
[Round "7"]
[White "Zappi, Adriano"]
[Black "Antoniacci, Riccardo"]
[Result "1-0"]
[WhiteElo "1570"]
[BlackElo "1525"]
[PlyCount "74"]
[EventDate "1996.05.19"]

1.Nf3 c5 2.g3 g6 3.Bg2 Bg7 4.O-O d5 5.d3 e5 6.Nbd2 Ne7 7.e4 d4 8.a4 Nbc6 
9.Nc4 b6 10.b3 Bb7 11.Bg5 h6 12.Bd2 Qc7 13.Ne1 g5 14.Qg4 Ng6 15.Qf5 Bc8 
16.Qf3 h5 17.Qe2 g4 18.f4 gxf3 19.Bxf3 Bh3 20.Ng2 h4 21.Bg4 hxg3 22.hxg3 
Nd8 23.Bxh3 Rxh3 24.Qg4 Rh7 25.Bg5 Ne6 26.Bh4 Bf8 27.Rf5 Ng7 28.Rf3 Be7 
29.Raf1 Ne6 30.Bxe7 Qxe7 31.Rf5 Qc7 32.Qf3 a6 33.Rxf7 Rxf7 34.Qxf7+ Qxf7 
35.Nd6+ Ke7 36.Nxf7 Rf8 37.Nh6 Rf6 1-0

[Event "I Open"]
[Site "Senigallia ITA"]
[Date "1996.05.25"]
[Round "8"]
[White "Barbieri, Giovanni"]
[Black "Lagrotteria, Salvatore"]
[Result "0-1"]
[WhiteElo "2155"]
[BlackElo "2150"]
[PlyCount "88"]
[EventDate "1996.05.19"]

1.e4 c5 2.Nf3 Nc6 3.Bb5 g6 4.O-O Bg7 5.c3 a6 6.Ba4 b5 7.Bc2 Bb7 8.d3 Nf6 
9.Re1 d6 10.Ng5 h6 11.Nh3 e5 12.Be3 g5 13.Kh1 Qd7 14.Nd2 g4 15.Ng1 h5 16.
a4 h4 17.axb5 axb5 18.Rxa8+ Bxa8 19.c4 b4 20.Ba4 Bh6 21.Bxh6 Rxh6 22.f4 
Kf8 23.Ne2 Nh5 24.Rf1 Qe7 25.Bxc6 Bxc6 26.Kg1 Bd7 27.Qc1 Kg7 28.Qe1 exf4 
29.Nxf4 Nxf4 30.Rxf4 Qe5 31.Qf2 Be6 32.Nb3 g3 33.hxg3 hxg3 34.Qxg3+ Rg6 
35.Qf2 Qh5 36.Qf3 Qe5 37.Qf2 Rh6 38.Rf3 Qh5 39.Qg3+ Bg4 40.Rf5 Qh1+ 41.Kf2
Rg6 42.Rf4 Qd1 43.Na5 Be2 44.Qh4 Bxd3 0-1

[Event "I Open"]
[Site "Senigallia ITA"]
[Date "1996.05.25"]
[Round "8"]
[White "Brumat, Giorgio"]
[Black "Sebastianelli, Dario"]
[Result "1-0"]
[WhiteElo "1828"]
[BlackElo "1768"]
[PlyCount "77"]
[EventDate "1996.05.19"]

1.e4 e5 2.Nf3 Nc6 3.Bc4 Nf6 4.d4 Nxe4 5.dxe5 Nc5 6.O-O Be7 7.Nc3 O-O 8.Nd5
Ne6 9.Nxe7+ Qxe7 10.Re1 b6 11.c3 Bb7 12.Nd4 Ncxd4 13.cxd4 Qb4 14.b3 Nxd4 
15.Bb2 Ne6 16.Qxd7 Rfd8 17.Qb5 Qd2 18.Bxe6 fxe6 19.Qe2 Qg5 20.g3 Qf5 21.f4
Rd7 22.Red1 Rad8 23.Rxd7 Rxd7 24.Rf1 h5 25.Bc1 Rd3 26.Rf2 a5 27.Bd2 Bd5 
28.Be1 c5 29.Bd2 c4 30.bxc4 Bxc4 31.Rf3 Rd4 32.Qf2 Qb1+ 33.Be1 Re4 34.Re3 
Rd4 35.h3 Qa1 36.f5 Rd5 37.f6 Rd3 38.fxg7 Rxe3 39.Qf8+ 1-0

[Event "I Open"]
[Site "Senigallia ITA"]
[Date "1996.05.25"]
[Round "8"]
[White "Bussoli, Sauro"]
[Black "Zappi, Adriano"]
[Result "1/2-1/2"]
[WhiteElo "1672"]
[BlackElo "1570"]
[PlyCount "90"]
[EventDate "1996.05.19"]

1.d4 d5 2.Bf4 e6 3.e3 c5 4.Nf3 Nc6 5.c3 Nf6 6.Nbd2 c4 7.h3 Bd6 8.Bxd6 Qxd6
9.Be2 O-O 10.Qc2 b5 11.a3 h6 12.O-O Bb7 13.e4 dxe4 14.Nxe4 Nxe4 15.Qxe4 
Rad8 16.Rad1 Qc7 17.Qh4 a6 18.Rfe1 Ne7 19.Ne5 Rd6 20.Bf1 Rfd8 21.Qh5 Nc6 
22.f4 Qe7 23.Rd2 Qf6 24.Rf2 Ne7 25.g4 Rf8 26.h4 Ng6 27.Nxg6 Qxg6 28.f5 
Qxh5 29.gxh5 exf5 30.Rxf5 Bd5 31.Re7 Be6 32.Re5 Rfd8 33.Be2 Kf8 34.Ra7 
R8d7 35.Rxd7 Rxd7 36.Bf3 Rd6 37.Kf2 Bd7 38.Rd5 Ke7 39.Rxd6 Kxd6 40.Ke3 a5 
41.Kf4 Be6 42.Bd1 a4 43.Bf3 Bc8 44.Be4 Bd7 45.Bb7 Be6 1/2-1/2

[Event "I Open"]
[Site "Senigallia ITA"]
[Date "1996.05.25"]
[Round "8"]
[White "Drasko, Milan"]
[Black "Borgo, Giulio"]
[Result "1-0"]
[WhiteElo "2505"]
[BlackElo "2400"]
[PlyCount "75"]
[EventDate "1996.05.19"]

1.d4 Nf6 2.c4 c5 3.d5 b5 4.cxb5 a6 5.bxa6 g6 6.Nc3 Bxa6 7.g3 d6 8.Bg2 Bg7 
9.Rb1 Nbd7 10.b3 O-O 11.Nf3 Ra7 12.O-O Qa8 13.Qd2 Nb6 14.Rd1 Bb7 15.Ne1 
Rc8 16.a3 Ne8 17.e4 c4 18.b4 Nc7 19.Bh3 Rb8 20.Bb2 Bc8 21.Bxc8 Rxc8 22.Nc2
Qb7 23.Nd4 Bxd4 24.Qxd4 f6 25.f4 Na4 26.Nxa4 Rxa4 27.Qxc4 Nb5 28.Qd3 Nxa3 
29.Bxa3 Qa7+ 30.Qd4 Qxd4+ 31.Rxd4 Rxa3 32.Rb2 Ra4 33.Kf2 Kf7 34.Ke3 f5 35.
b5 Rc3+ 36.Kd2 Rxd4+ 37.Kxc3 Rxe4 38.b6 1-0

[Event "I Open"]
[Site "Senigallia ITA"]
[Date "1996.05.25"]
[Round "8"]
[White "Drei, Andrea"]
[Black "Cetkovic, Sergio"]
[Result "0-1"]
[WhiteElo "2325"]
[BlackElo "1815"]
[PlyCount "108"]
[EventDate "1996.05.19"]

1.e4 d6 2.d4 Nf6 3.Nc3 c6 4.Nf3 g6 5.h3 Bg7 6.Be3 b5 7.Bd3 a6 8.O-O O-O 9.
Qd2 Nbd7 10.Bh6 Bb7 11.Bxg7 Kxg7 12.e5 dxe5 13.dxe5 Ne8 14.Rad1 Nc7 15.
Bxg6 Nxe5 16.Qe3 Nxf3+ 17.gxf3 Nd5 18.Nxd5 cxd5 19.Bd3 Qd6 20.Rfe1 Rae8 
21.Qe5+ Qf6 22.Kh2 Qxe5+ 23.Rxe5 e6 24.Rg1+ Kf6 25.f4 h6 26.Rh5 Rh8 27.Rh4
Bc6 28.b4 Bd7 29.Rhg4 Bc6 30.R4g3 Ra8 31.Be2 Bd7 32.Rc3 Rhc8 33.Rxc8 Rxc8 
34.Bd3 Ra8 35.Rb1 Bc6 36.Rb3 d4 37.Bf1 Be4 38.Bg2 Kf5 39.Ra3 Kxf4 40.Rg3 
Bxg2 41.Kxg2 Rc8 42.Rd3 e5 43.Rf3+ Ke4 44.Rxf7 Rxc2 45.Rf6 Rxa2 46.Rxh6 d3
47.Rd6 a5 48.bxa5 Rxa5 49.h4 b4 50.h5 b3 51.h6 b2 52.h7 Ra8 53.f3+ Ke3 54.
Ra6 Rh8 0-1

[Event "I Open"]
[Site "Senigallia ITA"]
[Date "1996.05.25"]
[Round "8"]
[White "Efimov, Igor"]
[Black "Rago, Riccardo"]
[Result "1-0"]
[WhiteElo "2455"]
[BlackElo "2230"]
[PlyCount "53"]
[EventDate "1996.05.19"]

1.d4 d5 2.Nf3 Nf6 3.c4 e6 4.e3 Be7 5.Nbd2 Nbd7 6.Bd3 c5 7.O-O O-O 8.b3 b6 
9.Bb2 Bb7 10.Qe2 Ne4 11.Rfd1 Qc7 12.Rac1 Rac8 13.cxd5 Nxd2 14.Rxd2 exd5 
15.dxc5 bxc5 16.Nd4 Qb6 17.Nf5 Bf6 18.Nxg7 Bxg7 19.Bxg7 Kxg7 20.Qg4+ Kh8 
21.Qxd7 Rc7 22.Qf5 f6 23.Be2 Rg7 24.Bf3 Rfg8 25.g3 Rg5 26.Qf4 Qe6 27.Rxc5 
1-0

[Event "I Open"]
[Site "Senigallia ITA"]
[Date "1996.05.25"]
[Round "8"]
[White "Fucito, Giovanni"]
[Black "Amaranto, Luca"]
[Result "1-0"]
[WhiteElo "1512"]
[BlackElo "1813"]
[PlyCount "45"]
[EventDate "1996.05.19"]

1.e4 e5 2.Nf3 Nc6 3.d4 exd4 4.Nxd4 Bc5 5.Nf5 Qf6 6.Nc3 Nge7 7.Ne3 d6 8.Bd3
O-O 9.g3 Bh3 10.f4 Rfe8 11.Qh5 Bd7 12.Bd2 Nb4 13.O-O-O Nxd3+ 14.cxd3 c6 
15.e5 dxe5 16.Ne4 Qe6 17.Nxc5 Qxa2 18.Nxd7 Qa1+ 19.Kc2 Qa4+ 20.Kb1 exf4 
21.Ng4 Qd4 22.Ndf6+ gxf6 23.Bc3 1-0

[Event "I Open"]
[Site "Senigallia ITA"]
[Date "1996.05.25"]
[Round "8"]
[White "Giacometti, Franco"]
[Black "Palmizi, Alessandro"]
[Result "1-0"]
[WhiteElo "1953"]
[BlackElo "1600"]
[PlyCount "73"]
[EventDate "1996.05.19"]

1.d4 g6 2.c4 Bg7 3.Nc3 d6 4.e4 e6 5.Nf3 Nd7 6.Be3 Ne7 7.Qd2 h6 8.Be2 b6 9.
O-O Bb7 10.Rfe1 a6 11.Bf1 e5 12.dxe5 dxe5 13.Rad1 Qc8 14.Nd5 Nxd5 15.exd5 
Kf8 16.b4 Qd8 17.g3 Kg8 18.Bg2 Rb8 19.c5 Bc8 20.c6 Kh7 21.cxd7 Bxd7 22.d6 
Ba4 23.dxc7 Qxc7 24.Qd6 Rhc8 25.Qxc7 Rxc7 26.Rc1 Rd7 27.Nd2 f5 28.Nc4 b5 
29.Nb6 Rd3 30.Nxa4 bxa4 31.Bc5 a3 32.Bf1 Rd2 33.Bc4 Rbd8 34.Re3 Rd1+ 35.
Rxd1 Rxd1+ 36.Kg2 a5 37.Rxa3 1-0

[Event "I Open"]
[Site "Senigallia ITA"]
[Date "1996.05.25"]
[Round "8"]
[White "Komarov, Dimitri"]
[Black "Ortega, Lexy"]
[Result "1/2-1/2"]
[WhiteElo "2530"]
[BlackElo "2490"]
[PlyCount "22"]
[EventDate "1996.05.19"]

1.d4 d5 2.c4 c6 3.e3 Nf6 4.Nf3 e6 5.Bd3 Nbd7 6.O-O Bd6 7.Nc3 O-O 8.e4 dxc4
9.Bxc4 e5 10.a3 exd4 11.Qxd4 Qe7 1/2-1/2